000 00678nam a2200181Ia 4500
008 151202s9999||||xx |||||||||||||| ||und||
082 _bPNVM-76575
100 _aशेवडे सच्चिदानन्द
245 _aडोळे उघडा
260 _b"नवचैतन्य प्रकाशन,बोरिवली,मुंबई फोन-०२२२८६४५२१२"
260 _c2013
300 _a176
600 _aशेवडे सच्चिदानन्द
630 _aडोळे उघडा
700 _aशेवडे सच्चिदानन्द
730 _aडोळे उघडा
942 _cBOOK
999 _c1343234
_d1343231